000 00524nam a22001577a 4500
999 _c207722
_d207722
005 20220509171453.0
008 210216b2018 ||||| |||| 00| 0 eng
020 _a9788193842812
082 _a338.9 KAN
100 _dKannabiran Kalpana
245 _aTelangana Social Development Report 2018 :
_bGender, Access and Well Being
260 _aHyderabad
_bCouncil For Social Development
_c2018
630 _vIndia Development Report - Social - 2018
856 _aTable of Contents
_uhttp://14.139.60.153
942 _2ddc
_cBK